The Ergonomics payoff : designing the electronic office /

Сохранить в:
Библиографические подробности
Другие авторы: Lueder, Rani
Формат:
Язык:English
Опубликовано: Toronto : Holt, Rinehart and Winston of Canada, c1986.
Серии:Converging technologies series (Toronto, Ont.)
Предметы:
LEADER 01223nam a2200337 a 4500
001 c000184574
003 CARM
005 19870422000000.0
008 860312s1986 onca b 001 0 eng c
015 |a C86-93575-2 
019 1 |a 4576382  |5 LACONCORD2021 
020 |a 0039219984 
035 |a (OCoLC)15071576  |5 LACONCORD2021 
040 |a CAN  |b eng  |c CAN 
055 0 1 |a HF5547.2 
055 0 0 |a HF5547 .2  |b E74 1986 
082 0 4 |a 651  |2 19 
245 0 4 |a The Ergonomics payoff :  |b designing the electronic office /  |c edited by Rani Lueder. 
260 |a Toronto :  |b Holt, Rinehart and Winston of Canada,  |c c1986. 
300 |a 388 p. :  |b ill. (some col.) ;  |c 25 cm. 
490 1 |a Converging technologies series. 
504 |a Includes bibliographies and index. 
650 0 |a Human engineering. 
650 0 |a Work environment. 
650 0 |a Office practice  |x Automation. 
650 0 |a Office layout. 
700 1 |a Lueder, Rani. 
830 0 |a Converging technologies series (Toronto, Ont.) 
852 8 |b CARM  |h A2:AL21G0  |i C06565  |p 0250213  |f BK 
999 f f |i 86a44c6b-ac3d-5dc9-9802-9e4b41445b89  |s 8be745c2-f3e9-5a72-a82f-5f06ce4d229f 
952 f f |p Can circulate  |a CAVAL  |b CAVAL  |c CAVAL  |d CARM 1 Store  |e C06565  |f A2:AL21G0  |h Other scheme  |i book  |m 0250213